[Event "DEM U10 2025"]
[Site "Willingen GER"]
[Date "2025.06.08"]
[Round "2"]
[White "Chanishvili, Noa"]
[Black "Mettenbrink, Tammo"]
[Result "0-1"]
[Termination "normal"]
[Board "16"]
[WhiteElo "1552"]
[BlackElo "1275"]
[WhiteClock "01:06:14"]
[BlackClock "01:11:29"]
[PlyCount "76"]
[WhiteFideId "34698264"]
[BlackFideId "533043043"]
[EventCountry "GER"]
[EventRounds "9"]
[EventType "swiss"]
[EventDate "2025.06.07"]

1. e4 {[%clk 01:30:57]} {[%emt 00:00:02]} e5 {[%clk 01:30:57]} {[%emt
00:00:04]} 2. Bc4 {[%clk 01:31:13]} {[%emt 00:00:13]} Nf6 {[%clk 01:31:21]}
{[%emt 00:00:07]} 3. d3 {[%clk 01:31:31]} {[%emt 00:00:13]} Bc5 {[%clk
01:31:43]} {[%emt 00:00:08]} 4. Nc3 {[%clk 01:31:50]} {[%emt 00:00:10]} d6
{[%clk 01:32:01]} {[%emt 00:00:13]} 5. h3 {[%clk 01:32:07]} {[%emt 00:00:11]}
Be6 {[%clk 01:32:04]} {[%emt 00:00:28]} 6. Bb3 {[%clk 01:32:16]} {[%emt
00:00:21]} O-O {[%clk 01:32:22]} {[%emt 00:00:12]} 7. Be3 {[%clk 01:32:31]}
{[%emt 00:00:14]} Bb6 {[%clk 01:32:43]} {[%emt 00:00:10]} 8. Nge2 {[%clk
01:32:40]} {[%emt 00:00:20]} Nbd7 {[%clk 01:32:32]} {[%emt 00:00:42]} 9. O-O
{[%clk 01:32:33]} {[%emt 00:00:37]} h6 {[%clk 01:32:46]} {[%emt 00:00:17]} 10.
Bxb6 {[%clk 01:32:25]} {[%emt 00:00:37]} axb6 {[%clk 01:33:05]} {[%emt
00:00:11]} 11. f4 {[%clk 01:31:58]} {[%emt 00:00:57]} Bxb3 {[%clk 01:32:59]}
{[%emt 00:00:36]} 12. axb3 {[%clk 01:32:17]} {[%emt 00:00:11]} Ra6 {[%clk
01:31:52]} {[%emt 00:01:37]} 13. Ra3 {[%clk 01:31:17]} {[%emt 00:01:30]} Qa8
{[%clk 01:31:59]} {[%emt 00:00:23]} 14. Qa1 {[%emt 00:03:33]} Qa7 {[%clk
01:29:01]} {[%emt 00:02:15]} 15. Nb5 {[%clk 01:28:52]} {[%emt 00:01:05]} Rxa3
{[%clk 01:28:26]} {[%emt 00:01:05]} 16. bxa3 {[%clk 01:28:54]} {[%emt
00:00:27]} Qa5 {[%clk 01:28:30]} {[%emt 00:00:27]} 17. Nbc3 {[%clk 01:28:02]}
{[%emt 00:01:22]} Ra8 {[%clk 01:28:24]} {[%emt 00:00:36]} 18. a4 {[%clk
01:26:28]} {[%emt 00:02:04]} c6 {[%clk 01:26:36]} {[%emt 00:02:19]} 19. Qa3
{[%clk 01:25:48]} {[%emt 00:01:09]} Ne8 {[%emt 00:02:20]} 20. b4 {[%clk
01:24:22]} {[%emt 00:01:52]} Qa7 {[%clk 01:24:40]} {[%emt 00:00:40]} 21. fxe5
{[%clk 01:21:32]} {[%emt 00:03:20]} Nxe5 {[%clk 01:24:44]} {[%emt 00:00:26]}
22. d4 {[%clk 01:21:15]} {[%emt 00:00:47]} b5 {[%clk 01:23:27]} {[%emt
00:01:48]} 23. a5 {[%clk 01:18:38]} {[%emt 00:03:07]} Nc4 {[%emt 00:00:22]} 24.
Qb3 {[%clk 01:17:19]} {[%emt 00:01:48]} d5 {[%clk 01:22:17]} {[%emt 00:01:49]}
25. Nb1 {[%clk 01:16:16]} {[%emt 00:01:33]} dxe4 {[%clk 01:21:45]} {[%emt
00:01:02]} 26. c3 {[%clk 01:12:59]} {[%emt 00:03:47]} Nf6 {[%clk 01:21:53]}
{[%emt 00:00:22]} 27. Ng3 {[%clk 01:09:25]} {[%emt 00:04:04]} Re8 {[%clk
01:21:34]} {[%emt 00:00:50]} 28. Qa2 {[%clk 01:08:43]} {[%emt 00:01:11]} b6
{[%clk 01:21:13]} {[%emt 00:00:51]} 29. Rxf6 {[%clk 01:07:39]} {[%emt
00:01:33]} gxf6 {[%clk 01:21:25]} {[%emt 00:00:18]} 30. Nh5 {[%clk 01:07:39]}
{[%emt 00:00:31]} Re6 {[%clk 01:19:23]} {[%emt 00:02:32]} 31. Qf2 {[%clk
01:07:50]} {[%emt 00:00:19]} f5 {[%clk 01:18:11]} {[%emt 00:01:42]} 32. Qxf5
{[%clk 01:07:49]} {[%emt 00:00:30]} e3 {[%clk 01:17:15]} {[%emt 00:01:27]} 33.
Qg4+ {[%clk 01:07:50]} {[%emt 00:00:28]} Rg6 {[%clk 01:17:20]} {[%emt
00:00:25]} 34. Qc8+ {[%clk 01:08:07]} {[%emt 00:00:14]} Kh7 {[%clk 01:17:32]}
{[%emt 00:00:18]} 35. Nf4 {[%clk 01:07:35]} {[%emt 00:01:02]} Qe7 {[%clk
01:12:43]} {[%emt 00:05:19]} 36. a6 {[%clk 01:06:51]} {[%emt 00:01:13]} e2
{[%clk 01:11:15]} {[%emt 00:02:00]} 37. Nxe2 {[%clk 01:05:56]} {[%emt
00:01:25]} Qxe2 {[%clk 01:11:31]} {[%emt 00:00:14]} 38. g4 {[%clk 01:06:14]}
{[%emt 00:00:12]} Ne3 {[%clk 01:11:29]} {[%emt 00:00:33]} 0-1

[Event "DEM U10 2025"]
[Site "Willingen GER"]
[Date "2025.06.08"]
[Round "2"]
[White "von Gehlen, Elian"]
[Black "Liu, Jonas"]
[Result "1-0"]
[Termination "normal"]
[Board "17"]
[WhiteElo "1548"]
[BlackElo "1645"]
[WhiteClock "01:21:59"]
[BlackClock "00:25:12"]
[PlyCount "113"]
[WhiteFideId "34651560"]
[BlackFideId "34660941"]
[EventCountry "GER"]
[EventRounds "9"]
[EventType "swiss"]
[EventDate "2025.06.07"]

1. e4 {[%clk 01:30:48]} {[%emt 00:00:10]} c5 {[%clk 01:30:26]} {[%emt
00:00:35]} 2. Nf3 {[%clk 01:30:12]} {[%emt 00:01:05]} Nc6 {[%clk 01:29:59]}
{[%emt 00:00:58]} 3. c3 {[%clk 01:29:49]} {[%emt 00:00:54]} d5 {[%clk
01:29:20]} {[%emt 00:01:08]} 4. e5 {[%clk 01:29:49]} {[%emt 00:00:30]} Bg4
{[%clk 01:29:07]} {[%emt 00:00:42]} 5. Bb5 {[%clk 01:29:00]} {[%emt 00:01:20]}
e6 {[%clk 01:27:15]} {[%emt 00:02:22]} 6. Qa4 {[%clk 01:29:20]} {[%emt
00:00:09]} Nge7 {[%clk 01:17:46]} {[%emt 00:09:58]} 7. Qxg4 {[%clk 01:28:45]}
{[%emt 00:01:06]} a6 {[%clk 01:17:47]} {[%emt 00:00:28]} 8. Bd3 {[%clk
01:28:26]} {[%emt 00:00:50]} Ng6 {[%clk 01:15:41]} {[%emt 00:02:35]} 9. Bxg6
{[%clk 01:28:09]} {[%emt 00:00:48]} hxg6 {[%clk 01:15:35]} {[%emt 00:00:36]}
10. d4 {[%clk 01:28:14]} {[%emt 00:00:26]} cxd4 {[%clk 01:15:03]} {[%emt
00:01:01]} 11. cxd4 {[%clk 01:28:26]} {[%emt 00:00:18]} Nb4 {[%clk 01:14:17]}
{[%emt 00:01:14]} 12. Na3 {[%clk 01:28:25]} {[%emt 00:00:33]} Nd3+ {[%clk
01:13:17]} {[%emt 00:01:29]} 13. Ke2 {[%clk 01:28:07]} {[%emt 00:00:48]} Nxc1+
{[%clk 01:12:02]} {[%emt 00:01:46]} 14. Rhxc1 {[%clk 01:27:25]} {[%emt
00:01:12]} Bxa3 {[%clk 01:09:09]} {[%emt 00:03:23]} 15. bxa3 {[%clk 01:27:29]}
{[%emt 00:00:26]} Qa5 {[%clk 01:03:49]} {[%emt 00:05:50]} 16. Qf4 {[%clk
01:26:12]} {[%emt 00:01:47]} Qxa3 {[%clk 00:59:33]} {[%emt 00:04:46]} 17. Qd2
{[%clk 01:25:44]} {[%emt 00:00:58]} Qe7 {[%clk 00:58:29]} {[%emt 00:01:33]} 18.
Rab1 {[%clk 01:24:26]} {[%emt 00:01:49]} Qd7 {[%clk 00:50:36]} {[%emt
00:08:23]} 19. Qb4 {[%clk 01:22:18]} {[%emt 00:02:37]} Rb8 {[%clk 00:47:11]}
{[%emt 00:03:56]} 20. Qd6 {[%clk 01:21:33]} {[%emt 00:01:14]} Qxd6 {[%clk
00:44:16]} {[%emt 00:03:26]} 21. exd6 {[%clk 01:21:54]} {[%emt 00:00:09]} O-O
{[%clk 00:43:38]} {[%emt 00:01:08]} 22. d7 {[%clk 01:21:10]} {[%emt 00:01:14]}
f6 {[%clk 00:41:14]} {[%emt 00:02:54]} 23. Rc7 {[%clk 01:20:01]} {[%emt
00:01:40]} b5 {[%clk 00:37:17]} {[%emt 00:04:27]} 24. Rbc1 {[%clk 01:20:00]}
{[%emt 00:00:30]} Rbd8 {[%clk 00:37:08]} {[%emt 00:00:40]} 25. R1c6 {[%clk
01:19:46]} {[%emt 00:00:45]} Rf7 {[%clk 00:33:21]} {[%emt 00:04:16]} 26. Rxe6
{[%clk 01:19:54]} {[%emt 00:00:22]} Rfxd7 {[%clk 00:33:35]} {[%emt 00:00:16]}
27. Rxd7 {[%clk 01:20:16]} {[%emt 00:00:07]} Rxd7 {[%clk 00:33:58]} {[%emt
00:00:09]} 28. Rxa6 {[%clk 01:20:38]} {[%emt 00:00:07]} Rc7 {[%clk 00:33:55]}
{[%emt 00:00:32]} 29. Rb6 {[%clk 01:20:29]} {[%emt 00:00:39]} Rc2+ {[%clk
00:34:08]} {[%emt 00:00:17]} 30. Nd2 {[%clk 01:20:49]} {[%emt 00:00:10]} Rb2
{[%clk 00:33:33]} {[%emt 00:01:06]} 31. Kd3 {[%clk 01:20:42]} {[%emt 00:00:37]}
b4 {[%clk 00:31:40]} {[%emt 00:02:23]} 32. a3 {[%clk 01:20:25]} {[%emt
00:00:47]} bxa3 {[%clk 00:26:40]} {[%emt 00:05:30]} 33. Rxb2 {[%clk 01:17:39]}
{[%emt 00:03:16]} axb2 {[%clk 00:26:41]} {[%emt 00:00:28]} 34. Kc3 {[%clk
01:17:55]} {[%emt 00:00:15]} Kf7 {[%clk 00:27:04]} {[%emt 00:00:06]} 35. Kxb2
{[%clk 01:18:18]} {[%emt 00:00:08]} Ke6 {[%clk 00:27:11]} {[%emt 00:00:23]} 36.
Kc3 {[%clk 01:18:35]} {[%emt 00:00:13]} g5 {[%clk 00:26:57]} {[%emt 00:00:45]}
37. Kb4 {[%clk 01:18:49]} {[%emt 00:00:15]} Kd6 {[%clk 00:27:19]} {[%emt
00:00:08]} 38. h3 {[%clk 01:19:01]} {[%emt 00:00:18]} g6 {[%clk 00:27:25]}
{[%emt 00:00:24]} 39. g4 {[%clk 01:19:21]} {[%emt 00:00:09]} Kc6 {[%clk
00:27:24]} {[%emt 00:00:31]} 40. Nf1 {[%clk 01:18:52]} {[%emt 00:00:59]} f5
{[%clk 00:27:21]} {[%emt 00:00:33]} 41. gxf5 {[%clk 01:17:54]} {[%emt
00:01:26]} gxf5 {[%clk 00:27:30]} {[%emt 00:00:23]} 42. Ne3 {[%clk 01:18:05]}
{[%emt 00:00:19]} f4 {[%clk 00:27:43]} {[%emt 00:00:17]} 43. Ng4 {[%clk
01:18:27]} {[%emt 00:00:08]} Kd6 {[%clk 00:27:25]} {[%emt 00:00:48]} 44. Ne5
{[%clk 01:18:37]} {[%emt 00:00:20]} Ke7 {[%clk 00:27:00]} {[%emt 00:00:55]} 45.
Kc5 {[%clk 01:18:54]} {[%emt 00:00:13]} Ke6 {[%clk 00:27:21]} {[%emt 00:00:09]}
46. Kc6 {[%clk 01:19:20]} {[%emt 00:00:04]} Kf5 {[%clk 00:26:36]} {[%emt
00:01:15]} 47. Kxd5 {[%clk 01:19:41]} {[%emt 00:00:10]} Kf6 {[%clk 00:24:11]}
{[%emt 00:02:55]} 48. Ng4+ {[%clk 01:19:45]} {[%emt 00:00:26]} Kf5 {[%clk
00:24:30]} {[%emt 00:00:11]} 49. f3 {[%clk 01:19:59]} {[%emt 00:00:17]} Kg6
{[%clk 00:24:47]} {[%emt 00:00:13]} 50. Ke6 {[%clk 01:20:22]} {[%emt 00:00:07]}
Kh5 {[%clk 00:24:20]} {[%emt 00:00:56]} 51. d5 {[%clk 01:20:44]} {[%emt
00:00:08]} Kh4 {[%clk 00:24:36]} {[%emt 00:00:14]} 52. d6 {[%clk 01:21:11]}
{[%emt 00:00:03]} Kxh3 {[%clk 00:23:54]} {[%emt 00:01:11]} 53. d7 {[%clk
01:21:32]} {[%emt 00:00:11]} Kg3 {[%clk 00:24:09]} {[%emt 00:00:14]} 54. d8=Q
{[%clk 01:21:53]} {[%emt 00:00:09]} Kh4 {[%clk 00:24:30]} {[%emt 00:00:11]} 55.
Qh8+ {[%clk 01:21:47]} {[%emt 00:00:35]} Kg3 {[%clk 00:24:50]} {[%emt
00:00:09]} 56. Kf5 {[%clk 01:21:42]} {[%emt 00:00:35]} Kxf3 {[%clk 00:25:12]}
{[%emt 00:00:09]} 57. Qc3+ {[%clk 01:21:59]} {[%emt 00:00:13]} 1-0

[Event "DEM U10 2025"]
[Site "Willingen GER"]
[Date "2025.06.08"]
[Round "2"]
[White "Schröder, Liam"]
[Black "Rössling, Johannes"]
[Result "1/2-1/2"]
[Termination "normal"]
[Board "19"]
[WhiteElo "1537"]
[BlackElo "1637"]
[WhiteClock "01:28:34"]
[BlackClock "00:42:44"]
[PlyCount "106"]
[WhiteFideId "34651020"]
[BlackFideId "34642773"]
[EventCountry "GER"]
[EventRounds "9"]
[EventType "swiss"]
[EventDate "2025.06.07"]

1. e4 {[%clk 01:30:58]} {[%emt 00:00:01]} e5 {[%clk 01:30:55]} {[%emt
00:00:06]} 2. f4 {[%clk 01:31:24]} {[%emt 00:00:04]} d6 {[%clk 01:29:58]}
{[%emt 00:01:27]} 3. Nf3 {[%clk 01:29:36]} {[%emt 00:02:17]} Nc6 {[%clk
01:30:08]} {[%emt 00:00:21]} 4. Nc3 {[%clk 01:29:51]} {[%emt 00:00:15]} Bg4
{[%clk 01:28:38]} {[%emt 00:02:00]} 5. Be2 {[%clk 01:29:55]} {[%emt 00:00:24]}
Bxf3 {[%clk 01:25:58]} {[%emt 00:03:11]} 6. Bxf3 {[%clk 01:30:11]} {[%emt
00:00:13]} Nd4 {[%clk 01:22:27]} {[%emt 00:04:03]} 7. O-O {[%clk 01:29:58]}
{[%emt 00:00:40]} Nf6 {[%clk 01:21:39]} {[%emt 00:01:20]} 8. d3 {[%clk
01:29:36]} {[%emt 00:00:52]} Qd7 {[%clk 01:20:50]} {[%emt 00:01:20]} 9. Ne2
{[%clk 01:29:35]} {[%emt 00:00:29]} Nxe2+ {[%clk 01:20:51]} {[%emt 00:00:30]}
10. Qxe2 {[%clk 01:29:56]} {[%emt 00:00:08]} h6 {[%clk 01:20:06]} {[%emt
00:01:16]} 11. Be3 {[%clk 01:30:07]} {[%emt 00:00:18]} exf4 {[%clk 01:20:00]}
{[%emt 00:00:36]} 12. Bxf4 {[%clk 01:30:21]} {[%emt 00:00:14]} g5 {[%clk
01:19:58]} {[%emt 00:00:35]} 13. e5 {[%clk 01:30:06]} {[%emt 00:00:44]} O-O-O
{[%clk 01:17:15]} {[%emt 00:03:14]} 14. exf6 {[%clk 01:29:59]} {[%emt
00:00:35]} gxf4 {[%clk 01:17:30]} {[%emt 00:00:16]} 15. Bg4 {[%clk 01:30:19]}
{[%emt 00:00:10]} Qxg4 {[%clk 01:13:58]} {[%emt 00:04:03]} 16. Qxg4+ {[%clk
01:30:42]} {[%emt 00:00:07]} Kb8 {[%clk 01:14:16]} {[%emt 00:00:12]} 17. Rxf4
{[%clk 01:30:53]} {[%emt 00:00:17]} d5 {[%clk 01:13:58]} {[%emt 00:00:49]} 18.
Qh5 {[%clk 01:30:22]} {[%emt 00:00:58]} Bd6 {[%clk 01:14:06]} {[%emt 00:00:24]}
19. Rff1 {[%clk 01:30:28]} {[%emt 00:00:24]} Rd7 {[%clk 01:13:56]} {[%emt
00:00:40]} 20. Rae1 {[%clk 01:30:30]} {[%emt 00:00:27]} a6 {[%clk 01:12:25]}
{[%emt 00:02:03]} 21. Kh1 {[%clk 01:30:15]} {[%emt 00:00:41]} c6 {[%clk
01:11:55]} {[%emt 00:01:03]} 22. Qg4 {[%clk 01:30:05]} {[%emt 00:00:37]} Rdd8
{[%clk 01:09:48]} {[%emt 00:02:41]} 23. c4 {[%clk 01:28:17]} {[%emt 00:02:16]}
Bc7 {[%clk 01:08:15]} {[%emt 00:02:05]} 24. Re7 {[%clk 01:28:03]} {[%emt
00:00:40]} Rhg8 {[%clk 01:06:29]} {[%emt 00:02:19]} 25. Qxg8 {[%clk 01:28:12]}
{[%emt 00:00:21]} Rxg8 {[%clk 01:06:43]} {[%emt 00:00:17]} 26. Rxf7 {[%clk
01:28:38]} {[%emt 00:00:03]} dxc4 {[%clk 01:04:51]} {[%emt 00:02:22]} 27. dxc4
{[%clk 01:28:49]} {[%emt 00:00:20]} Rd8 {[%clk 01:04:22]} {[%emt 00:00:59]} 28.
Rg7 {[%clk 01:28:46]} {[%emt 00:00:31]} Be5 {[%clk 01:04:44]} {[%emt 00:00:09]}
29. Re7 {[%clk 01:28:42]} {[%emt 00:00:33]} Bxf6 {[%clk 01:05:02]} {[%emt
00:00:13]} 30. Re2 {[%clk 01:28:31]} {[%emt 00:00:38]} Kc7 {[%clk 01:04:31]}
{[%emt 00:01:05]} 31. g3 {[%clk 01:28:39]} {[%emt 00:00:22]} Bd4 {[%clk
01:03:18]} {[%emt 00:01:41]} 32. Rd2 {[%clk 01:28:35]} {[%emt 00:00:34]} Kb6
{[%clk 01:01:35]} {[%emt 00:02:14]} 33. b4 {[%clk 01:28:45]} {[%emt 00:00:20]}
c5 {[%clk 01:00:53]} {[%emt 00:01:13]} 34. Rf4 {[%clk 01:28:41]} {[%emt
00:00:32]} a5 {[%clk 00:55:21]} {[%emt 00:06:04]} 35. a3 {[%clk 01:28:54]}
{[%emt 00:00:16]} Kc6 {[%clk 00:53:19]} {[%emt 00:02:33]} 36. Rh4 {[%clk
01:28:31]} {[%emt 00:00:49]} Rd6 {[%clk 00:53:27]} {[%emt 00:00:26]} 37. Kg2
{[%clk 01:27:23]} {[%emt 00:01:35]} axb4 {[%clk 00:53:06]} {[%emt 00:00:53]}
38. axb4 {[%clk 01:27:46]} {[%emt 00:00:08]} b6 {[%clk 00:53:30]} {[%emt
00:00:06]} 39. Kh3 {[%clk 01:27:20]} {[%emt 00:00:53]} Rg6 {[%clk 00:48:52]}
{[%emt 00:05:11]} 40. Rg4 {[%clk 01:27:11]} {[%emt 00:00:37]} Rf6 {[%clk
00:48:51]} {[%emt 00:00:33]} 41. Rdxd4 {[%clk 01:26:32]} {[%emt 00:01:09]} cxd4
{[%clk 00:49:08]} {[%emt 00:00:13]} 42. Rxd4 {[%clk 01:26:56]} {[%emt
00:00:05]} Rf2 {[%clk 00:47:18]} {[%emt 00:02:20]} 43. Rh4 {[%clk 01:27:16]}
{[%emt 00:00:10]} Rf6 {[%clk 00:47:01]} {[%emt 00:00:48]} 44. Rf4 {[%clk
01:27:29]} {[%emt 00:00:16]} Re6 {[%clk 00:45:45]} {[%emt 00:01:39]} 45. Kg4
{[%clk 01:27:39]} {[%emt 00:00:26]} b5 {[%clk 00:44:22]} {[%emt 00:01:55]} 46.
cxb5+ {[%clk 01:27:48]} {[%emt 00:00:21]} Kxb5 {[%clk 00:44:39]} {[%emt
00:00:13]} 47. h4 {[%clk 01:27:43]} {[%emt 00:00:34]} Kc6 {[%clk 00:43:25]}
{[%emt 00:01:45]} 48. Kh5 {[%clk 01:27:56]} {[%emt 00:00:16]} Kd7 {[%clk
00:43:11]} {[%emt 00:00:44]} 49. g4 {[%clk 01:28:18]} {[%emt 00:00:09]} Ke7
{[%clk 00:43:05]} {[%emt 00:00:36]} 50. g5 {[%clk 01:28:26]} {[%emt 00:00:22]}
Rd6 {[%clk 00:42:02]} {[%emt 00:01:33]} 51. Rf6 {[%clk 01:28:02]} {[%emt
00:00:51]} hxg5 {[%clk 00:42:11]} {[%emt 00:00:23]} 52. hxg5 {[%clk 01:28:13]}
{[%emt 00:00:20]} Rxf6 {[%clk 00:42:22]} {[%emt 00:00:18]} 53. gxf6+ {[%clk
01:28:34]} {[%emt 00:00:10]} Kxf6 {[%clk 00:42:44]} {[%emt 00:00:08]} 1/2-1/2

[Event "DEM U10 2025"]
[Site "Willingen GER"]
[Date "2025.06.08"]
[Round "2"]
[White "Hou, Minmu"]
[Black "Schimming, Wilhelm"]
[Result "1-0"]
[Termination "normal"]
[Board "20"]
[WhiteElo "1355"]
[BlackElo "1639"]
[WhiteClock "01:19:12"]
[BlackClock "00:45:33"]
[PlyCount "49"]
[WhiteFideId "533041490"]
[BlackFideId "34662030"]
[EventCountry "GER"]
[EventRounds "9"]
[EventType "swiss"]
[EventDate "2025.06.07"]

1. e4 {[%clk 01:30:58]} {[%emt 00:00:01]} c5 {[%clk 01:30:36]} {[%emt
00:00:24]} 2. Nc3 {[%clk 01:30:51]} {[%emt 00:00:37]} a6 {[%clk 01:30:51]}
{[%emt 00:00:14]} 3. Nf3 {[%clk 01:31:08]} {[%emt 00:00:13]} b5 {[%clk
01:31:12]} {[%emt 00:00:09]} 4. d4 {[%clk 01:30:59]} {[%emt 00:00:40]} cxd4
{[%clk 01:29:52]} {[%emt 00:01:49]} 5. Nxd4 {[%clk 01:31:13]} {[%emt 00:00:16]}
e6 {[%clk 01:26:08]} {[%emt 00:04:12]} 6. a3 {[%clk 01:28:46]} {[%emt
00:02:59]} Bb7 {[%clk 01:24:07]} {[%emt 00:02:31]} 7. Bd3 {[%clk 01:28:56]}
{[%emt 00:00:21]} Bc5 {[%clk 01:22:00]} {[%emt 00:02:36]} 8. Nb3 {[%clk
01:29:13]} {[%emt 00:00:13]} Be7 {[%clk 01:20:00]} {[%emt 00:02:30]} 9. Be3
{[%clk 01:27:13]} {[%emt 00:02:29]} Nf6 {[%clk 01:19:50]} {[%emt 00:00:40]} 10.
Nc5 {[%clk 01:25:30]} {[%emt 00:02:14]} Bxc5 {[%clk 01:18:14]} {[%emt
00:02:05]} 11. Bxc5 {[%clk 01:25:46]} {[%emt 00:00:15]} d6 {[%clk 01:18:38]}
{[%emt 00:00:06]} 12. Be3 {[%clk 01:25:39]} {[%emt 00:00:36]} d5 {[%clk
01:19:00]} {[%emt 00:00:10]} 13. exd5 {[%clk 01:24:11]} {[%emt 00:01:56]} Nxd5
{[%clk 01:19:22]} {[%emt 00:00:08]} 14. Nxd5 {[%clk 01:23:41]} {[%emt
00:01:01]} Bxd5 {[%clk 01:18:53]} {[%emt 00:00:58]} 15. O-O {[%clk 01:23:30]}
{[%emt 00:00:41]} O-O {[%clk 01:12:58]} {[%emt 00:06:25]} 16. Qg4 {[%clk
01:23:07]} {[%emt 00:00:50]} f5 {[%clk 01:08:00]} {[%emt 00:05:30]} 17. Qh5
{[%emt 00:05:49]} Qe8 {[%clk 01:03:58]} {[%emt 00:00:46]} 18. g4 {[%clk
01:20:34]} {[%emt 00:01:32]} Qxh5 {[%clk 00:59:59]} {[%emt 00:04:26]} 19. gxh5
{[%clk 01:20:36]} {[%emt 00:00:30]} e5 {[%clk 00:51:19]} {[%emt 00:09:09]} 20.
Rad1 {[%clk 01:20:00]} {[%emt 00:01:06]} Bf3 {[%clk 00:50:09]} {[%emt
00:01:40]} 21. Rd2 {[%clk 01:19:15]} {[%emt 00:01:16]} Bxh5 {[%clk 00:46:00]}
{[%emt 00:04:39]} 22. Bc5 {[%clk 01:18:50]} {[%emt 00:00:55]} Rd8 {[%clk
00:45:06]} {[%emt 00:01:22]} 23. Bc4+ {[%clk 01:18:58]} {[%emt 00:00:23]} bxc4
{[%clk 00:45:13]} {[%emt 00:00:24]} 24. Rxd8+ {[%clk 01:19:21]} {[%emt
00:00:07]} Kf7 {[%clk 00:45:33]} {[%emt 00:00:10]} 25. Bd6 {[%clk 01:19:12]}
{[%emt 00:00:39]} 1-0

[Event "DEM U10 2025"]
[Site "Willingen GER"]
[Date "2025.06.08"]
[Round "2"]
[White "Sriram, Aumkar"]
[Black "Peterson, James"]
[Result "1-0"]
[Termination "normal"]
[Board "21"]
[WhiteElo "1517"]
[BlackElo "1338"]
[WhiteClock "00:52:13"]
[BlackClock "01:18:00"]
[PlyCount "67"]
[WhiteFideId "33460477"]
[BlackFideId "34692452"]
[EventCountry "GER"]
[EventRounds "9"]
[EventType "swiss"]
[EventDate "2025.06.07"]

1. e4 {[%clk 01:31:00]} c6 {[%clk 01:30:46]} {[%emt 00:00:14]} 2. d4 {[%clk
01:31:26]} {[%emt 00:00:04]} d5 {[%clk 01:31:09]} {[%emt 00:00:07]} 3. exd5
{[%clk 01:31:50]} {[%emt 00:00:06]} cxd5 {[%clk 01:31:31]} {[%emt 00:00:09]} 4.
Bd3 {[%clk 01:32:16]} {[%emt 00:00:04]} Nf6 {[%clk 01:31:49]} {[%emt 00:00:12]}
5. c3 {[%clk 01:32:36]} {[%emt 00:00:10]} Nc6 {[%clk 01:32:05]} {[%emt
00:00:15]} 6. Bf4 {[%clk 01:33:01]} {[%emt 00:00:05]} Bg4 {[%clk 01:32:10]}
{[%emt 00:00:24]} 7. Qb3 {[%clk 01:33:26]} {[%emt 00:00:05]} Qc8 {[%clk
01:32:00]} {[%emt 00:00:40]} 8. Nd2 {[%clk 01:33:01]} {[%emt 00:00:56]} e6
{[%clk 01:32:16]} {[%emt 00:00:13]} 9. Ngf3 {[%clk 01:33:22]} {[%emt 00:00:09]}
Be7 {[%clk 01:31:40]} {[%emt 00:01:06]} 10. O-O {[%clk 01:33:07]} {[%emt
00:00:44]} O-O {[%clk 01:29:54]} {[%emt 00:02:16]} 11. h3 {[%clk 01:33:17]}
{[%emt 00:00:20]} Bh5 {[%clk 01:30:11]} {[%emt 00:00:14]} 12. Qc2 {[%clk
01:33:28]} {[%emt 00:00:19]} Qd7 {[%clk 01:30:04]} {[%emt 00:00:36]} 13. Rfe1
{[%clk 01:33:22]} {[%emt 00:00:36]} Bd6 {[%clk 01:30:07]} {[%emt 00:00:28]} 14.
Bxd6 {[%clk 01:33:34]} {[%emt 00:00:18]} Qxd6 {[%clk 01:30:31]} {[%emt
00:00:07]} 15. Re3 {[%clk 01:32:27]} {[%emt 00:01:35]} Rac8 {[%clk 01:30:36]}
{[%emt 00:00:24]} 16. a3 {[%clk 01:32:02]} {[%emt 00:00:55]} Rfe8 {[%clk
01:25:16]} {[%emt 00:05:50]} 17. Bb5 {[%clk 01:27:52]} {[%emt 00:04:41]} a6
{[%clk 01:25:08]} {[%emt 00:00:39]} 18. Bxc6 {[%clk 01:26:15]} {[%emt
00:02:06]} Rxc6 {[%clk 01:25:26]} {[%emt 00:00:12]} 19. Ne5 {[%clk 01:25:55]}
{[%emt 00:00:50]} Rc7 {[%clk 01:25:01]} {[%emt 00:00:55]} 20. Nf1 {[%clk
01:19:00]} {[%emt 00:07:25]} Qb6 {[%clk 01:24:52]} {[%emt 00:00:35]} 21. Ng3
{[%clk 01:17:06]} {[%emt 00:02:28]} Qxd4 {[%clk 01:24:26]} {[%emt 00:00:56]}
22. Qxh7+ {[%clk 01:04:21]} {[%emt 00:13:15]} Kxh7 {[%clk 01:24:38]} {[%emt
00:00:17]} 23. cxd4 {[%clk 01:04:49]} {[%emt 00:00:03]} Bg6 {[%clk 01:24:16]}
{[%emt 00:00:51]} 24. Nxg6 {[%clk 01:04:44]} {[%emt 00:00:35]} Kxg6 {[%clk
01:24:31]} {[%emt 00:00:16]} 25. b3 {[%clk 01:04:28]} {[%emt 00:00:46]} Rec8
{[%clk 01:24:26]} {[%emt 00:00:34]} 26. Rae1 {[%clk 01:00:04]} {[%emt
00:04:55]} Rc3 {[%clk 01:22:02]} {[%emt 00:02:54]} 27. R1e2 {[%clk 00:59:16]}
{[%emt 00:01:18]} Rc1+ {[%clk 01:21:37]} {[%emt 00:00:55]} 28. Kh2 {[%clk
00:56:39]} {[%emt 00:03:07]} b5 {[%clk 01:19:51]} {[%emt 00:02:15]} 29. Ra2
{[%clk 00:55:01]} {[%emt 00:02:08]} R8c3 {[%clk 01:19:00]} {[%emt 00:01:18]}
30. Ne2 {[%clk 00:52:22]} {[%emt 00:03:12]} Rxe3 {[%clk 01:18:50]} {[%emt
00:00:40]} 31. fxe3 {[%clk 00:52:51]} {[%emt 00:00:01]} Rd1 {[%clk 01:18:43]}
{[%emt 00:00:36]} 32. Rc2 {[%clk 00:51:57]} {[%emt 00:01:25]} Rd3 {[%clk
01:18:26]} {[%emt 00:00:45]} 33. Nf4+ {[%clk 00:52:13]} {[%emt 00:00:16]} Kf5
{[%clk 01:18:00]} {[%emt 00:00:55]} 34. Nxd3 {[%emt 00:01:15]} 1-0